The Drummer Boy (Record no. 4700)

MARC details
000 -LEADER
fixed length control field 00434nam a22001577a 4500
008 - FIXED-LENGTH DATA ELEMENTS--GENERAL INFORMATION
fixed length control field 260424b |||||||| |||| 00| 0 eng d
020 ## - INTERNATIONAL STANDARD BOOK NUMBER
ISBN 9789780813635
100 ## - MAIN ENTRY--AUTHOR
Author Cyprian Ekwensi
245 ## - TITLE STATEMENT
Title The Drummer Boy
260 ## - PUBLICATION, DISTRIBUTION, ETC. (IMPRINT)
Place of publication IBADAN
Name of publisher HEBN Publishers Plc
Date of publication 1988
300 ## - COLLATION
Pagination 90 pages
650 ## - TRACINGS
Main Subject Language and Literature
Subdivision (1st) English Literature
Subdivision (2nd) Nigeria—Fiction
942 ## - ADDED ENTRY ELEMENTS (KOHA)
Item type Books
050 ## - LIBRARY OF CONGRESS CALL NUMBER
Classification number PR9387.2
Item number .E39
Holdings
Source of classification or shelving scheme Not for loan Permanent location Current location Date acquired Accession No. Full call number Barcode. Koha item type
Dewey Decimal Classification   Samuel Ogbemudia Main Library, University of Abuja Samuel Ogbemudia Main Library, University of Abuja 04/24/2026 2026/71965-70 PR9387.2 .E39 2026-0194 Books